000 01555nam a2200325 i 4500
003 EG-GICUC
005 20260129163911.0
008 260129s1953 ua ||||fr|||| 00| 0 ara d
040 _a EG-GICUC
_bara
_c EG-GICUC
_d EG-GICUC
_erda
041 _aara
082 0 4 _221
_a343.3
_bع د . ش
092 0 4 _221
099 _aLaw1 10 343.3 ع د . ش 1 ed - 1953
100 0 _aعدلى عبد الباقى
_eمؤلف.
245 1 0 _aشرح قانون الإجراءات الجنائية.
_cتأليف عدلى عبد الباقى.
_nالجزء الثانى،
_pيتناول الكلام فى المحاكمة والأحكام وطرق الطعن فيها وتنفيذها :
_pويليه ملحق بشرح التعديلات التى أدخلت على القانون منذ صدوره حتى نهاية مارس سنة 1953 /
246 0 1 _aالكتاب الثانى فى المحاكمة.
250 _aالطبعة الأولى،
_b1953
264 1 _aالقاهرة :
_bدار النشر للجامعات المصرية،
_c1953.
300 _a747 صفحة ;
_c24 سم.
_bإيضاحيات، صور، مثيليات ؛
336 _2rda content
_atext
337 _2rda media
_aComputer
338 _2rda carrier
_aOnline Resource
504 _aيشتمل على إرجاعات ببليوجرافية.
650 1 _aالقانون الجنائي
_2qrmak
650 1 _aقانون الإجراءات الجنائية
_2qrmak
651 1 _2qrmak
856 4 0 _uhttps://fll.law.cu.edu.eg/fulltext/bks/B10-05255.pdf
905 _a43
942 _2ddc
_n0
_cBK
_e21
999 _c60063
_d60063